000 00674nam a22002658 4500
999 _c7328
_d7328
001 7328
003 BD - JhCC
005 20180519104234.0
008 730710s1974 nyu 001 0 eng
035 _a(BD - JhCC)7328
035 _a(OCoLC)00673377
035 _aGLIS00003232
040 _aDLC
_cDLC
_dMYG
_dBD - JhCC
041 _aeng
050 0 _aQA845
_b.S8
082 _bRAM 1974
_a531.11
099 _aQA845.S8
100 1 _aRamsey, A. S.
_qArthur Stanley
245 1 0 _aDynamics /
_cA. S. Ramsey
260 _aNew York,
_bWiley
_c[1974]
300 _a343 p. :
_c24 cm.
650 0 _aDynamics.
942 _2ddc
_cBK